000 00263 a2200097 4500
001 55373
100 _a
245 _aNecessary illusions : thought control in democratic societies
260 _aNew Delhi
_bViva Books Pvt ltd
_c2007
090 _c34358
_d34358
942 _aNUST-CAE
_cMONOGRAPH
_c27067
999 _c290446
_d290446